| 000 | 01151nas a2200397 4500 | ||
|---|---|---|---|
| 001 | BR2011002529 | ||
| 003 | BR-BrBNA | ||
| 005 | 20231205115309.0 | ||
| 007 | ta | ||
| 008 | 230509b bl.|||p| |||| 00| 00por d | ||
| 040 |
_aBR-BrBNA _bpor _cBiblioteca Nacional de Agricultura |
||
| 041 | _a(Pt) | ||
| 072 | _aL01; L20; S20 | ||
| 100 | 1 | _aOlivo, C.J. | |
| 100 | 1 | _aZiech, M.G. | |
| 100 | 1 | _aMeinerz, G.R. | |
| 100 | 1 | _aBoth, J.F. | |
| 100 | 1 | _aAgnolin, C.A. | |
| 100 | 1 | _aVendrame, T. | |
| 245 | 1 | _aComportamento ingestivo de vacas em lactação em diferentes sistemas forrageiros | |
| 650 | _aZOOTECNIA | ||
| 650 | _aGADO HOLANDÊS | ||
| 650 | _aCOMPORTAMENTO ANIMAL | ||
| 650 | _aVACA LEITEIRA | ||
| 650 | _aLACTAÇÃO | ||
| 650 | _aCOMPORTAMENTO ANIMAL | ||
| 650 | _aHÁBITO ALIMENTAR | ||
| 650 | _aPASTAGEM CONSORCIADA | ||
| 650 | _aCAPIM ELEFANTE | ||
| 650 | _aAZEVÉM | ||
| 650 | _aAMENDOIM | ||
| 650 | _aTREVO BRANCO | ||
| 773 | 0 |
_tRevista Brasileira de Zootecnia (Brazil) _xISSN 1516-3598 _g(Nov 2008), v. 37(11) p. 2017-2023 _wBR2011002529 |
|
| 909 |
_a202311 _bLúcia _c55 _dLúcia Elande |
||
| 942 |
_2AGRIS _n0 _cANA |
||
| 999 |
_c213077 _d213077 |
||